000 00240nam a2200097Ia 4500
001 1104231
005 20250827003355.0
008 250824s9999 xx 000 0 und d
245 0 _aGEÇECEK Mİ?
_cGÖKHAN ÇINAR
260 _bDESTEK YAYINLARI
999 _c1104231
_d1104231